000 01736nam a22003137a 4500
005 20081105140343.0
008 081105t xxu||||| |||| 00| 0 hin d
010 _aHIN-84676
020 _a8170432189
_c350.00
035 _aHN-57022
037 _bDBAD / PUB
040 _aDPL
_bHN
082 _a954.0841
100 _aगुप्त, आशा
245 _aसुभाषचन्द्र बोसःनिस्संग क्रान्ति-पथिक /
_cआशा गुप्त
246 _aSubhashchandra Bose : nisang kranti-pathic
_bby Asha Gupta
260 _aदिल्ली
_bआत्माराम एंड संस
_c2008
270 _a1376, कश्मीरी गेट
_bदिल्ली
_e110006
_k011 23946466, 23973082
_matmaram_books@hotmail.com
300 _a280पृ
_c22सेमी (सजिल्द)
600 _a बोस, सुभाषचन्द्र, 1897-1945
600 _aBose, Subhash Chandra, 1897-1945
650 _aराष्ट्रवाद
_xइतिहास
_zभारत
650 _aNationalism
_xHistory
_zIndia
651 _aभारत
_xराजनीति और सरकार
_y1897-1945
651 _aIndia
_xPolitics and Government
_y1897-1945
942 _2ddc
_cHN
_mगुप्तआ
_h954.0841
999 _c18054
_d18054